Péct dokáže každý : recepty, které snadno zvládnete a zkombinujete /

Hlavní autor: Ansel, Dominique, 1978-
Další autoři: Sung, Evan, Svašková, Jana
Jazyk: Čeština
Vydáno: Praha : Euromedia Group, 2020
Vydání: Vydání první
Edice: Esence
Témata:
Fyzický popis: 349 stran : barevné ilustrace ; 29 cm
Knihy
Uloženo v:
LEADER 02081nam a2200601 i 4500
001 nkc20203244284
003 CZ PrNK
005 20210203161332.0
007 ta
008 200831s2020 xr a e f 001 0 cze
015 |a cnb003244284 
020 |a 978-80-242-6992-4  |q (vázáno) :  |c Kč 499,00 
035 |a (OCoLC)1240907852 
040 |a BOA001  |b cze  |d ABA001  |e rda 
041 1 |a cze  |h eng 
072 7 |a 641  |x Kuchařství. Potraviny. Vařená jídla  |2 Konspekt  |9 19 
080 |a 641.85  |2 MRF 
080 |a 641.526.2  |2 MRF 
080 |a 663.916  |2 MRF 
080 |a (035)  |2 MRF 
080 |a (083.12)  |2 MRF 
100 1 |a Ansel, Dominique,  |d 1978-  |7 xx0254590  |4 aut 
240 1 0 |a Everyone can bake.  |l Česky 
245 1 0 |a Péct dokáže každý :  |b recepty, které snadno zvládnete a zkombinujete /  |c Dominique Ansel ; fotografie Evan Sung ; z anglického originálu Everyone can bake přeložila Jana Svašková 
250 |a Vydání první 
264 1 |a Praha :  |b Euromedia Group,  |c 2020 
300 |a 349 stran :  |b barevné ilustrace ;  |c 29 cm 
336 |a text  |b txt  |2 rdacontent 
336 |a statický obraz  |b sti  |2 rdacontent 
337 |a bez média  |b n  |2 rdamedia 
338 |a svazek  |b nc  |2 rdacarrier 
490 1 |a Esence 
500 |a Obsahuje rejstřík 
650 0 7 |a moučníky  |7 ph115366  |2 czenas 
650 0 7 |a dezerty  |7 ph114308  |2 czenas 
650 0 7 |a pečení  |7 ph406960  |2 czenas 
650 0 7 |a cukrářství  |7 ph114272  |2 czenas 
650 0 9 |a cakes  |2 eczenas 
650 0 9 |a desserts  |2 eczenas 
650 0 9 |a baking  |2 eczenas 
650 0 9 |a confectionery  |2 eczenas 
655 7 |a příručky  |7 fd133209  |2 czenas 
655 7 |a kuchařské recepty  |7 fd132687  |2 czenas 
655 9 |a handbooks and manuals  |2 eczenas 
655 9 |a cookbooks  |2 eczenas 
700 1 |a Sung, Evan  |7 xx0255082  |4 pht 
700 1 |a Svašková, Jana  |7 jx20051223020  |4 trl 
830 0 |a Esence  |0 s 
910 2 |a BOA001  |b 4-1456.461 
990 |a BK 
995 |a 01 
991 |b 202101  |c NOV 
996 6 |b 2610847994  |c 4-1456.461  |l MZK  |r Sklad / do 1 hodiny  |n 0  |p p.v.  |w 001836774  |u 000010  |a 1  |e BOA001  |j MZK50  |s P